| 000 | 00699nam a22001937a 4500 | ||
|---|---|---|---|
| 005 | 20180525123600.0 | ||
| 010 | _a B-681657-964 ENG-123103 | ||
| 020 |
_a9789386473028 _c250.00 |
||
| 035 | _a B-681657-964 | ||
| 035 | _aEN-106635 | ||
| 037 |
_bPragati _adpl |
||
| 100 | _aAnsal, Kusum | ||
| 245 |
_aI am a seeker and my search goes on... / _cby Kusum Ansal |
||
| 260 |
_aNew Delhi _bVitastaa Pub. _c2017 |
||
| 270 |
_a2/15, Ansari Road, Daryaganj, _bNew Delhi _e110002 |
||
| 300 |
_a192p. _c19cm(pbk) |
||
| 942 |
_2ddc _cEN _mANS _hN |
||
| 999 |
_c145318 _d145318 |
||